|
|
|
|
| LEADER |
00000nab a2200000 a 4500 |
| 001 |
vtls000617850 |
| 003 |
SK-MaSNL |
| 005 |
20260304091033.0 |
| 008 |
250425c1997 xo 0 slo |
| 015 |
|
|
|a SNBRB19rr/mm-uuuuu
|
| 035 |
|
|
|a CL0617989
|
| 035 |
|
|
|a urn:nbn:sk:snk-ab7275
|
| 035 |
|
|
|a (uuid)86460d4b-8c60-4061-95e0-ce53b657f403
|
| 035 |
|
|
|a (urnnbn)urn:nbn:sk:snk:ar-a06pgx
|
| 035 |
|
|
|a (sysno)vtls000617850
|
| 040 |
|
|
|a SNKBUCL
|b slo
|c SNKBUCL
|e AACR2
|
| 041 |
0 |
|
|a slo
|
| 044 |
|
|
|a xo
|c SK
|
| 080 |
|
|
|a 347.453:347.95
|2 1981
|
| 080 |
|
|
|a 347.95
|2 1981
|
| 245 |
0 |
0 |
|a Skončenie nájmu k nebytovému priestoru
|c Eva Babiaková ... [et al.]
|
| 650 |
0 |
7 |
|a nebytové priestory
|2 snkbucl
|9 73103
|
| 650 |
0 |
7 |
|a nájom
|2 snkbucl
|9 1588
|
| 650 |
0 |
7 |
|a zmluvy nájomné
|2 snkbucl
|9 841420
|
| 655 |
|
7 |
|a články z novín a časopisov
|2 snkbucl
|9 267496
|
| 700 |
1 |
|
|a Babiaková, Eva
|4 aut
|9 337856
|
| 700 |
1 |
|
|a Dukes, Peter
|4 aut
|9 914731
|
| 700 |
1 |
|
|a Krajčo, Jaroslav
|4 aut
|9 8039
|
| 700 |
1 |
|
|a Ľalík, Milan,
|d 1953-
|4 aut
|9 248683
|
| 700 |
1 |
|
|a Minárik, Štefan
|4 aut
|9 278173
|
| 773 |
0 |
|
|t Zo súdnej praxe
|g Roč. 2, č. 1 (1997), s. 8-9
|x 1335-177X
|
| 850 |
|
|
|a Slovenská národná knižnica
|
| 852 |
|
|
|a Slovenská národná knižnica
|
| 954 |
|
|
|a odborná, vedecká literatúra pôvodná (slovenská)
|2 lita
|
| 958 |
|
|
|a article27
|
| 958 |
|
|
|a RK
|
| 958 |
|
|
|a OND
|
| 958 |
|
|
|a EUIPO
|
| 992 |
|
|
|a RBX
|
| 999 |
|
|
|c 2813856
|d 2815786
|